| 000 | 00436 a2200157 4500 | ||
|---|---|---|---|
| 003 | NUST | ||
| 005 | 20230221192802.0 | ||
| 040 | _cNust | ||
| 082 | _a297.4,ABA | ||
| 100 |
_aHakeem Shrafat Hussain Rahim Abadi _9109410 |
||
| 245 |
_aAchi Batain Vol-2,3,4 / اچھی باتیں (Urdu) / _cHakeem Sharaft Hussain Rahim Abadi |
||
| 260 |
_aKarachi _bMujlis-e-Nishriat |
||
| 300 | _a80:p. | ||
| 650 | _aIslam | ||
| 942 |
_2ddc _cBK _k297.4,ABA |
||
| 999 |
_c188261 _d188261 |
||